| 000 | 00377nam a2200133Ia 4500 | ||
|---|---|---|---|
| 008 | 210210b1964 xxu||||| |||| 00| 0 eng d | ||
| 082 | _a300.72 MILH | ||
| 100 | _aMILLER (Delbert C). | ||
| 245 | _aHandbok of research design and social measurement. | ||
| 260 |
_aNew York. _bDavid McKay Company, Inc., _c1964 |
||
| 300 | _axiv,332 | ||
| 690 | _aSocial Research | ||
| 906 | _a040833 | ||
| 999 |
_c90979 _d90979 |
||